000 00990nam a22002777a 4500
003 OSt
005 20250205122719.0
008 110412s1995 dr c 000 0 spa d
040 _aDO-SdBNP
_bspa
_cBNPHU
082 _axxxx
_bxxxx
245 0 0 _aEstudios de historia de la iglesia en el caribe /
_cFernando Pérez Memén...[et al] ; presentación Ramón Alonso Beato
260 _aSanto Domingo :
_bUniversidad Católica Santo Domingo,
_c1995.
300 _a562 p. ;
_bretrs.
_c23 cm.
500 _aIncluye notas a pie de paginas.
590 _aInventariado, 2020/ YL
700 1 2 _aPérez Memén, Fernando,
_d1943-
_938744
700 1 2 _aArnaiz, Francisco José
_96960
700 1 2 _aRosa y Carpio, Ramón de la
_92173
700 1 2 _a Sáez , José Luis
_d1937-
_9620
700 1 2 _aMaza Miguel, Manuel
_977337
700 1 2 _aRosario, Luis
_9427
700 1 2 _aPina Toribio, César
_epres.
_916867
700 1 2 _aChez Checo, José,
_d1949-
_910145
910 _aYLockward
942 _2ddc
_cLBS1
999 _c49170
_d49170